Bill Wurtz - Lyrics to i’m a princess - Statistics

General Stats
  • This quiz has been taken 5 times
  • The average score is 184 of 259
Answer Stats
Answer % Correct
a
100%
dream.
100%
dunce.
100%
I
100%
it
100%
listening
100%
princess
100%
princess.
100%
read
100%
sleep.
100%
What
100%
what
100%
wrong?
100%
wrong
100%
about
67%
afternoon.
67%
all
67%
All
67%
an
67%
and
67%
And
67%
appealing.
67%
are
67%
as
67%
astray?
67%
Back
67%
back
67%
be
67%
before
67%
belong.
67%
Buckets
67%
but
67%
catch
67%
ceiling.
67%
close
67%
come
67%
courage
67%
day
67%
diamonds
67%
Do
67%
don’t
67%
door,
67%
door.
67%
down
67%
downtown,
67%
Dreamed
67%
dreaming
67%
dreams
67%
else.
67%
even
67%
every
67%
fall
67%
feel
67%
feeling
67%
for.
67%
friends
67%
from
67%
get
67%
go
67%
goes
67%
going
67%
gone
67%
gone.
67%
got
67%
have
67%
here
67%
I’m
67%
in
67%
ingredients
67%
interesting
67%
into
67%
it’s
67%
know
67%
lessons
67%
lonely
67%
love
67%
machine
67%
make
67%
makes
67%
me?
67%
me
67%
me.
67%
message
67%
more
67%
more.
67%
much
67%
my
67%
need.
67%
neighbors
67%
of
67%
often.
67%
Oh
67%
ok.
67%
on
67%
on?
67%
once
67%
Oops
67%
Open
67%
open
67%
Or
67%
other
67%
particular
67%
Respect
67%
ridiculous,
67%
road,
67%
road
67%
say.
67%
‘Scuse
67%
See
67%
seem
67%
side
67%
sky
67%
so
67%
soldiers
67%
something
67%
Sometimes
67%
song.
67%
song?
67%
Step
67%
sure
67%
surround
67%
Tell
67%
than
67%
that
67%
the
67%
them.
67%
them
67%
there
67%
There’s
67%
they
67%
they’re
67%
things
67%
think
67%
this
67%
though
67%
through
67%
to
67%
too
67%
very
67%
went
67%
we’re
67%
what’s
67%
What’s
67%
when
67%
where
67%
Where
67%
wonder
67%
word
67%
words.
67%
world.
67%
you
67%
earthquakes
33%
No matching quizzes found
Score Distribution
Percent of People with Each Score
Percentile by Number Answered
Your Score History
You have not taken this quiz